Countries With No Vowels #2 - Statistics

General Stats
  • This quiz has been taken 27 times
  • The average score is 17 of 20
Answer Stats
Hint Answer % Correct
jrdn Jordan
100%
mrcc Morocco
100%
pkstn Pakistan
100%
syr Syria
100%
vnzl Venezuela
100%
gtml Guatemala
96%
mntngr Montenegro
96%
rmn Romania
92%
tvl Tuvalu
92%
cmrn Cameroon
84%
lbnn Lebanon
84%
lchtnstn Liechtenstein
84%
lsth Lesotho
80%
slmnslnds Solomon Islands
80%
rlnd Ireland
76%
lbr Liberia
76%
sthsdn South Sudan
72%
stn Estonia
64%
ls Laos
52%
cdr Ecuador
40%
No matching quizzes found
Score Distribution
Percent of People with Each Score
Percentile by Number Answered
Your Score History
You have not taken this quiz